|
|
|
|
| LEADER |
00000nab a2200000 a 4500 |
| 001 |
vtls000552653 |
| 003 |
SK-MaSNL |
| 005 |
20260304094846.0 |
| 008 |
250425c1995 xo 0 slo |
| 015 |
|
|
|a SNBRB19rr/mm-uuuuu
|
| 035 |
|
|
|a CL0552791
|
| 035 |
|
|
|a urn:nbn:sk:snk-abbp7c
|
| 035 |
|
|
|a (urnnbn)urn:nbn:sk:snk:ar-006blv
|
| 035 |
|
|
|a (uuid)6de9b26d-ccc8-482f-a116-ee0e0a88549e
|
| 040 |
|
|
|a SNKBUCL
|b slo
|c SNKBUCL
|e AACR2
|
| 041 |
0 |
|
|a cze
|
| 044 |
|
|
|a xo
|c SK
|
| 080 |
|
|
|a 655.413(437.1/.2):82
|2 1981
|
| 080 |
|
|
|a 82:655.4
|2 1981
|
| 100 |
1 |
|
|a Studýnková, Petra
|4 aut
|9 1391628
|
| 245 |
1 |
0 |
|a Sfinga mlčí, její knihy promlouvají
|c Petra Studýnková
|
| 650 |
0 |
7 |
|a Sfinga, Ostrava
|2 snkbucl
|9 1224396
|
| 655 |
|
7 |
|a články z novín a časopisov
|2 snkbucl
|9 267496
|
| 773 |
0 |
|
|t Dotyky
|g Roč. 7, č. 3 (1995), s. 44
|
| 850 |
|
|
|a Slovenská národná knižnica
|
| 852 |
|
|
|a Slovenská národná knižnica
|
| 958 |
|
|
|a article15
|
| 958 |
|
|
|a OND
|
| 958 |
|
|
|a RK
|
| 958 |
|
|
|a KL
|
| 958 |
|
|
|a CZ
|
| 958 |
|
|
|a LX
|
| 958 |
|
|
|a EUIPO
|
| 992 |
|
|
|a RBX
|
| 999 |
|
|
|c 2829320
|d 2831250
|